Financial liberaliztion and performance in Sri Lanka: the ARDL approach (Record no. 84445)

000 -LEADER
fixed length control field 00534pab a2200193 454500
008 - FIXED-LENGTH DATA ELEMENTS--GENERAL INFORMATION
fixed length control field 180718b2009 xxu||||| |||| 00| 0 eng d
100 ## - MAIN ENTRY--PERSONAL NAME
Personal name Paudel, Ramesh Chandra
245 ## - TITLE STATEMENT
Title Financial liberaliztion and performance in Sri Lanka: the ARDL approach
260 ## - PUBLICATION, DISTRIBUTION, ETC.
Date of publication, distribution, etc. 2009
300 ## - PHYSICAL DESCRIPTION
Extent p.127-56.
362 ## - DATES OF PUBLICATION AND/OR SEQUENTIAL DESIGNATION
Dates of publication and/or sequential designation Jan-Jun
650 ## - SUBJECT ADDED ENTRY--TOPICAL TERM
Topical term or geographic name entry element Liberalization - Sri Lanka
650 ## - SUBJECT ADDED ENTRY--TOPICAL TERM
Topical term or geographic name entry element Finance - Sri Lanka
650 ## - SUBJECT ADDED ENTRY--TOPICAL TERM
Topical term or geographic name entry element Finance
700 ## - ADDED ENTRY--PERSONAL NAME
Personal name Jayantha Kumaran, Kankesu
773 ## - HOST ITEM ENTRY
Main entry heading South Asia Economic Journal
908 ## - PUT COMMAND PARAMETER (RLIN)
Put command parameter N
909 ## -
-- 84445
Holdings
Withdrawn status Lost status Damaged status Not for loan Permanent Location Current Location Date acquired Serial Enumeration / chronology Barcode Date last seen Price effective from Koha item type
        Indian Institute of Public Administration Indian Institute of Public Administration 2018-07-19 Volume no: 10, Issue no: 1 AR84905 2018-07-19 2018-07-19 Articles

Powered by Koha